| 000 | 00549nam a22001817a 4500 | ||
|---|---|---|---|
| 999 |
_c193604 _d193604 |
||
| 005 | 20230317151911.0 | ||
| 010 | _aENG-135600 | ||
| 020 |
_c500.00 _a978-93-90569-64-9 |
||
| 035 | _aEN-119132 | ||
| 037 | _bDBAD/PUB | ||
| 082 | _a230.2092 | ||
| 245 |
_aFaith-Freedom-Commitment / _cEdited by SJ Thomas Karimundackal |
||
| 260 |
_c2021 _bTheological Publication _aDelhi |
||
| 270 |
_aP.O.1585, Kashmiri Gate _bDelhi _e110006 |
||
| 300 |
_a431p _c22cm(pbk) |
||
| 700 | _aThomas Karimundackal,SJ | ||
| 942 |
_2ddc _cEN _mFAI _h230.2092 |
||